Breve compendio de los varones ilustres de Galicia (Record no. 152723)

MARC details
000 -LEADER
campo de control de longitud fija 01079nam a2200217 i 4500
001 - NÚMERO DE CONTROL
campo de control 152723
003 - IDENTIFICADOR DE NÚMERO DE CONTROL
campo de control ES-MaACL
005 - FECHA Y HORA DE LA ÚLTIMA TRANSACCIÓN
campo de control 20230906204843.0
008 - DATOS DE LONGITUD FIJA--INFORMACIÓN GENERAL
campo de control de longitud fija 940206s1887 sp |||| |cspa d
245 00 - MENCIÓN DEL TÍTULO
Título Breve compendio de los varones ilustres de Galicia
Resto del título : nativos, y próximos originarios, esclarecidos en virtudes, literatura y dignidades eclesiásticas, con algunas cortas relaciones de sucesos particulares /
Mención de responsabilidad, etc. todo recopilado de varios autores por D. José Pardiñas Villalovos, Soto y Romero de Caamaño.
260 ## - PUBLICACIÓN, DISTRIBUCIÓN, ETC.
Lugar de publicación, distribución, etc. La Coruña :
Nombre del editor, distribuidor, etc. Andrés Martínez,
Fecha de publicación, distribución, etc. 1887 (
Fabricante Imp. de José Miguez Peinó y Hermano)
300 ## - DESCRIPCIÓN FÍSICA
Extensión XIII, 246 p. ;
Dimensiones 20 cm.
490 1# - MENCIÓN DE SERIE
Mención de serie Biblioteca gallega
530 ## - NOTA DISPONIBLE DE FORMULARIO FÍSICO ADICIONAL
Nota de formato físico adicional disponible Disponible en formato digital.
650 #4 - PUNTO DE ACCESO ADICIONAL DE MATERIA--TÉRMINO DE MATERIA
Término de materia o nombre geográfico como elemento de entrada Gallegos-
Subdivisión de forma Biografías.
9 (RLIN) 136160
700 1# - ENTRADA AGREGADA--NOMBRE PERSONAL
Nombre de persona Pardiñas Villalovos Soto y Romero de Caamaño, José.
9 (RLIN) 166876
830 0# - PUNTO DE ACCESO ADICIONAL DE SERIE-TÍTULO UNIFORME
Título uniforme Biblioteca gallega
9 (RLIN) 180864
852 ## - LOCALIZACIÓN
Ubicación ES-MaACL
Número de control de estantería G-9210
Nota libre - Enc. pasta española
856 ## - LOCALIZACIÓN Y ACCESO ELECTRÓNICOS
Identificador Uniforme de Recursos <a href="http://bdh-rd.bne.es/viewer.vm?id=0000192185&page=1 ">http://bdh-rd.bne.es/viewer.vm?id=0000192185&page=1 </a>
Nota pública Biblioteca Digital Hispánica
Holdings
Estatus retirado Estado de pérdida Estado de daño No para préstamo Colección Biblioteca de origen Biblioteca actual Ubicación en estantería Fecha de adquisición Fuente de adquisición Total de préstamos Signatura topográfica completa Código de barras Visto por última vez Precio de reemplazo Tipo de ítem Koha
        Colección digital Biblioteca del Ateneo de Madrid Biblioteca del Ateneo de Madrid Sala Pecera Planta 3 17/01/2008     G-9210 1159494 23/02/2023 23/02/2023 Libro impreso antiguo